LEADER 01506cam--2200421---450 001 990001045420203316 005 20210708100349.0 035 $a0104542 035 $aUSA010104542 035 $a(ALEPH)000104542USA01 035 $a0104542 100 $a20020319d1979----km-y0itay5003----ba 101 0 $aita 102 $aIT 105 $ay 00 y 200 1 $aChiesa e rivoluzione unitaria nel Mezzogiorno$el'episcopato meridionale dall'assolutismo borbonico allo stato borghese (1860-1861)$fBruno Pellegrino 210 $aRoma$cEdizioni di storia e letteratura$d1979 215 $a217 p.$d26 cm 225 2 $aBiblioteca di storia sociale$v10 410 0$12001$aBiblioteca di storia sociale$v10 606 0 $aChiesa cattolica$yItalia meridionale$z1860-1861$2BNCF 676 $a282.457 700 1$aPELLEGRINO,$bBruno$f<1946- ; San Cesario di Lecce>$0437314 801 0$aIT$bsalbc$gISBD 912 $a990001045420203316 951 $aII.2. 692(III D COLL.43/10)$b113495 L.M.$cII.2. 951 $aII.2. 692a(III D COLL.43/10 A)$b113497 L.M.$cII.2. 951 $aII.2. 692b(III D COLL.43/10 BIS)$b113496 L.M.$cII.2. 951 $aVI.7.B. 1178$b1932 ISLA$d471647 959 $aBK 969 $aUMA 969 $aISLA 979 $aPATTY$b90$c20020319$lUSA01$h1744 979 $c20020403$lUSA01$h1745 979 $aPATRY$b90$c20040406$lUSA01$h1712 979 $aCOPAT3$b90$c20050405$lUSA01$h1052 996 $aChiesa e rivoluzione unitaria nel Mezzogiorno$91500596 997 $aUNISA